000 00326 a2200157 4500
001 189962
020 _a85-08-03621-3
040 _cMagnum
100 _aJunqueira, Sonia
240 1 0 _aA foca famosa
_lpor
245 1 0 _aA foca famosa
362 0 _a2006
440 1 _aÁtica
697 _aLITERATURA INFANTIL
942 _cBK
999 _c189962
_d189962